Để sống giàu có và hạnh phúc trong thời đại mới
Đã lưu trong:
| Príomhúdar: | |
|---|---|
| Formáid: | Leabhar |
| Teanga: | Undetermined |
| Foilsithe: |
Tp. HCM
Trẻ
1997
|
| Ábhair: | |
| Clibeanna: |
Cuir Clib Leis
Gan Chlibeanna, Bí ar an gcéad duine leis an taifead seo a chlibeáil!
|
| Thư viện lưu trữ: | Trung tâm Học liệu Trường Đại học Cần Thơ |
|---|
| LEADER | 00549nam a2200169Ia 4500 | ||
|---|---|---|---|
| 001 | CTU_27409 | ||
| 008 | 210402s9999 xx 000 0 und d | ||
| 082 | |a 370.1 | ||
| 082 | |b K62 | ||
| 100 | |a Robert T Kiyosaki | ||
| 245 | 0 | |a Để sống giàu có và hạnh phúc trong thời đại mới | |
| 245 | 0 | |c Robert T Kiyosaki; Dịch giả: Thuận Châu | |
| 260 | |a Tp. HCM | ||
| 260 | |b Trẻ | ||
| 260 | |c 1997 | ||
| 650 | |a education - philosophy,educational psychology | ||
| 980 | |a Trung tâm Học liệu Trường Đại học Cần Thơ | ||